| 000 | 00428nam a22001697a 4500 | ||
|---|---|---|---|
| 003 | MPLRDC | ||
| 005 | 20220104174749.0 | ||
| 008 | 210129b ||||| |||| 00| 0 eng d | ||
| 020 | _a967-67-0513-6 | ||
| 082 | _a524.957 MUN 1986 | ||
| 100 | _aCHAI MUN | ||
| 245 |
_aBUKU ANALISIS DELTA STPM MATEMATIK A (MEKANIK) _c |
||
| 260 |
_a _bPUSTAKA DELTA PELAJA _c1986 |
||
| 300 | _b平 | ||
| 650 | _a | ||
| 942 |
_cBK _o524.957 MUN 1986 |
||
| 999 |
_c60018 _d60008 |
||